| 000 | 00365nam a22001577a 4500 | ||
|---|---|---|---|
| 003 | SGT | ||
| 020 | _a938426606-X | ||
| 082 |
_a646.72 _bAQI |
||
| 100 | _aAQIL, DR. MOHD | ||
| 245 | _aPHARMACEUTICAL FORMULATION & COSMETOLOGY | ||
| 250 | _a3RD | ||
| 260 |
_aINDIA _bBIRLA PUB. _c2026 |
||
| 300 | _a92 | ||
| 650 | _aFORMULATION & COSMETOLOGY | ||
| 942 |
_2ddc _cBK |
||
| 999 |
_c32978 _d32978 |
||